Ciudades de España con El Ganso - Estadísticas

Estadísticas generales
  • Esta prueba ha sido intentada 19 veces
  • La puntuación promedio es 38 de 57
Estadísticas de respuestas
Número de tiendas Ciudad % Correcto
4 Barcelona
100%
13 Madrid
100%
4 Valencia
100%
2 Bilbao
93%
3 Málaga
93%
3 Sevilla
93%
2 Zaragoza
93%
1 Almería
86%
1 Badajoz
86%
1 Donostia-San Sebastián
86%
1 Murcia
86%
3 Oviedo
86%
2 Valladolid
86%
3 Alicante
79%
3 Burgos
79%
1 Cádiz
79%
1 Cartagena
79%
2 Córdoba
79%
3 Gijón
79%
2 Granada
79%
1 Jaén
79%
2 Salamanca
79%
1 San Sebastián de los Reyes
79%
2 Santander
79%
1 Tarragona
79%
1 Vigo
79%
1 Albacete
71%
2 León
71%
1 Lugo
71%
1 Ourense
71%
2 Pamplona-Iruña
71%
1 Pontevedra
71%
1 Santiago de Compostela
71%
1 Toledo
71%
1 Vitoria-Gasteiz
71%
2 A Coruña
64%
1 Huelva
64%
1 Jerez de la Frontera
64%
1 Las Palmas de Gran Canaria
64%
2 Palma de Mallorca
64%
1 Castellón de la Plana
57%
1 Segovia
57%
1 Alcorcón
50%
1 Avilés
50%
1 Elche
50%
1 Alcobendas
43%
1 Logroño
43%
1 Santa Cruz de Tenerife
43%
1 Alcalá de Henares
36%
2 Las Rozas de Madrid
36%
1 Majadahonda
36%
1 Talavera de la Reina
36%
2 Pozuelo de Alarcón
29%
1 Boadilla del Monte
7%
1 San José de la Rinconada
7%
1 Arroyomolinos
0%
1 Tomares
0%
No se encontraron pruebas coincidentes
Distribución de puntuación
Porcentaje de gente con cada puntuación
Porcentaje por número respondido
Historial de tus puntuaciones
No has intentado esta prueba.